| 000 | 03095cam a22005534i 4500 | ||
|---|---|---|---|
| 003 | PE-LiUPU | ||
| 005 | 20250731165556.0 | ||
| 008 | 150625s2004 pe a rb 000 0 spa d | ||
| 020 | _a9972426335 | ||
| 020 | _a9789972426339 | ||
| 035 | _a(Sirsi) i9789972426339 | ||
| 040 |
_aPE-LiUPU _bspa _cPE-LiUPU _erda |
||
| 049 | _aPRUA | ||
| 082 | 0 | 4 |
_a070.1907 _bE92 _221 |
| 100 | 1 |
_aEstremadoyro Alegre, Julio, _eautor. |
|
| 245 | 1 | 0 |
_aLecciones de periodismo televisivo / _cJulio Estremadoyro Alegre. |
| 264 | 1 |
_aLima : _bFondo Editorial, _c2004. |
|
| 300 |
_a292 páginas : _bilustraciones ; _c23 centímetros. |
||
| 336 |
_atext _2rdacontent |
||
| 337 |
_aunmediated _2rdamedia |
||
| 338 |
_avolume _2rdacarrier |
||
| 490 | 0 | _aColeción: Textos Universitarios. Serie Ciencias y artes dse la Comunicación. Periodismo | |
| 500 | _a" Glosario" : (A-V). | ||
| 504 | _aBibliografía: páginas 257-265. | ||
| 505 | 0 | _aOrígenes de la comunicación -- Dinámica de la comunicación periodística -- Teoría y práctica de la noticia y la información -- Breve historia de la televisión -- Conceptos básicos del medio televisivo -- Tecnología aplicada en la labor periodística -- Principios y generalidades del periodismo -- La dinámica de la búsqueda informativa -- La acción reporteril en la televisión -- Fundamentos de la información televisiva -- Técnica de los informes televisivos -- La información nacional e internacional -- Definición y características del noticiero -- Organización y personal de un noticiero -- El material informativo de un noticiero -- Calificación y selección del material disponible -- Edición de imágenes y audio -- Redacción del libreto del programa -- Distribución y modulación de las notas -- La narración del noticiero -- La producción televisiva -- Definición y características principales (de otros programas) -- Los programas pos producidos -- Los programas de conversación -- Satélites de comunicaciones, fibra óptica y televisión celular -- Internet y el ciberespacio -- La digitalización -- La televisión del futuro. | |
| 526 | _aSEG44 | ||
| 526 | _aSEG26 | ||
| 526 | _aP151 | ||
| 526 | _aP150 | ||
| 526 | _aP149 | ||
| 526 | _aP146 | ||
| 526 | _aP145 | ||
| 526 | _aP126 | ||
| 526 | _aP125 | ||
| 526 | _aP92 | ||
| 526 | _aP75 | ||
| 526 | _aP74 | ||
| 526 | _aP27 | ||
| 526 | _aP15 | ||
| 541 | _g001-022801; | ||
| 650 | 0 | 4 |
_aNoticieros por televisión _xEnseñanza. |
| 650 | 0 | 4 | _aPeriodismo por televisión. |
| 910 |
_bksl _cksl _d20190522 |
||
| 942 |
_2ddc _cBOOK |
||
| 949 |
_a070.1907 E92 _wDEWEY _c1 _i55624 _d2015-11-8 _e2015-11-6 _lCCODEBUL1 _mBUL _n5 _p14.00 _r0 _sY _tBOOK _u2015-6-25 _xEDUCACION _PP07 _0COMPRA _o.STAFF. Colección Ciencias Humanas y Educación |
||
| 994 |
_aC0 _bPEPRU |
||
| 596 | _a1 | ||
| 999 |
_a070.1907 E92 _wDEWEY _c44486 _i55624 _d44486 _e2019-9-8 _f2021-11-8 _g6 _lCCODEBUL1 _mBUL _n8 _p14.00 _r0 _sY _tBOOK _u2015-6-25 _xEDUCACION _PP07 _0COMPRA _o.STAFF. Colección Ciencias Humanas y Educación |
||
| 980 |
_81 _gALBERTO SANCHEZ Responsable de Automatización |
||